|
|
|
|
| LEADER |
00744cam a2200205 7i4500 |
| 001 |
0000006593 |
| 005 |
20170218090000.0 |
| 020 |
|
|
|a 1857880072 (hbk.)
|
| 090 |
0 |
0 |
|a HF5549.5.J62
|b P75 1992
|
| 100 |
1 |
|
|a Pritchard, Derek
|
| 245 |
1 |
0 |
|a Jobs, roles and people :
|b the new world of job evaluation
|c Derek Pritchard and Helen Murlis.
|
| 260 |
|
|
|a London:
|b Nicholas Brealey Publishing Ltd.,
|c 1992.
|
| 300 |
|
|
|a x, 256 p.:
|b ill.;
|c 24 cm.
|
| 504 |
|
|
|a Includes bibliographical references and index
|
| 650 |
0 |
0 |
|a Job evaluation
|
| 700 |
1 |
|
|a Murlis, Helen
|
| 997 |
|
|
|a Business & Accountancy, Faculty
|
| 998 |
|
|
|a Business Management, Degree
|
| 998 |
|
|
|a Human Resource Management, Degree
|
| 999 |
|
|
|a 0000009174
|b BOK
|c OPEN SHELF
|e 1st Floor, Shah Alam
|